Statistics for アニメ「ねこねこ日本史」各話メイン人物名

Click here to take the quiz!

General Stats

  • This quiz has been taken 31 times
  • The average score is 57 of 160

Answer Stats

話数サブタイトル人物名% Correct
第1期1話女王、__!卑弥呼
100%
105話あぁ大変、アフター関ヶ原!徳川家康
100%
第5期129話邪馬台国を守れ、女王・__!卑弥呼
100%
第2期33話めざせ豊作、弥生人!卑弥呼
100%
96話__は天下の苦労人!〜伊賀越え編〜徳川家康
100%
6話__は天下の苦労人!~関ヶ原編~徳川家康
100%
16話__は天下の苦労人!~しかめっつら編~徳川家康
100%
137話__VS__、天下分け目の激突!?徳川家康
豊臣秀吉
100%
19話__、いとをかし!清少納言
92%
8話平安絵巻、__!紫式部
92%
114話最後の将軍になっちゃった、__!徳川慶喜
88%
48話祝!?ねこねこ日本、開国!ペリー
84%
73話天下を取るぜ__!〜やっぱ伊達だね編〜伊達政宗
80%
12話おしゃれ独眼竜__!~大ピンチ編~伊達政宗
80%
2話その猫、__!織田信長
80%
135話オシャレは戦だ、__!伊達政宗
80%
26話いくぜ__、桶狭間!織田信長
80%
130話__と__、愛し合ってるかい!?織田信長
濃姫
80%
32話__はサルである!豊臣秀吉
76%
153話スーパーキャット__、お寺を建てる!聖徳太子
76%
4話スーパーキャット、__聖徳太子
76%
3話幕末に__あり!~青春編~坂本龍馬
72%
9話__、鎌倉に立つ!源頼朝
72%
67話幕末に__あり!〜ベンチャー侍編〜坂本龍馬
72%
13話幕末に__あり!~ねこねこの夜明け編~坂本龍馬
72%
17話__、ゼッコーチョー!足利尊氏
68%
125話史上最大の兄弟ゲンカ、__vs__!足利尊氏
足利直義
68%
30話輝け、大仏開眼!聖武天皇
64%
50話__、むちゃくちゃゼッコーチョー!足利義満
64%
132話戦国一のしょっぱい関係、__と__!武田信玄
上杉謙信
64%
45話みんな大好き、__!〜最強にかわいい龍編〜上杉謙信
60%
第3期65話やさしさは力なり、__!〜どんどん出世編〜西郷隆盛
60%
85話__の顔も三度まで!?〜モリモリ進軍編〜西郷隆盛
60%
34話みんな大好き、__!~毘沙門天編~上杉謙信
60%
28話はだかン坊将軍、__!徳川吉宗
60%
22話若武者、__!源義経
60%
46話いざ、大化の改新!中臣鎌足
中大兄皇子
60%
111話いろいろ試して百二十年、江戸三大改革!徳川吉宗
松平定信
水野忠邦
60%
11話無敵、__伝説!武田信玄
56%
144話安心を積み上げろ、__堤!武田信玄
56%
149話これはイケるぜ、__!〜山崎の戦い編〜!明智光秀
56%
53話ラ・ラ・蘭学、__!杉田玄白
56%
103話尼将軍はアマくない、__!北条政子
56%
104話いざ出陣、ビフォー関ヶ原!石田三成
56%
23話ねこねこマップだ、__!伊能忠敬
56%
128話三日天下じゃ短すぎ!__!!明智光秀
56%
127話敵は本能寺にあり!__!!明智光秀
56%
29話正直すぎ、__!石田三成
56%
120話天下取りはお任せを、__!黒田官兵衛
52%
10話がんばれ、__!藤原道長
48%
72話天神様だぞ、__!菅原道真
48%
20話いぬいぬ将軍、__!徳川綱吉
48%
108話__ヒーロー伝説、__十勇士!真田幸村
48%
37話迎え撃て、__!北条時宗
48%
7話戦上手、__!~迷走!?編~真田幸村
48%
15話戦上手、__!~大坂の陣編~真田幸村
48%
35話__、武士である!平清盛
48%
138話女子力は花ざかり、国風文化!菅原道真
藤原時平
48%
36話旅ゆけば、__!松尾芭蕉
44%
124話坊主が屏風に上手に描くのは坊主どころの話じゃない、__!雪舟
40%
101話私は人気脚本家、__!近松門左衛門
40%
49話チャチャチャの__!千利休
40%
44話はみだし先生、__!吉田松陰
40%
47話まるっとまとめて、__!毛利元就
40%
43話けっこうやり手、__!今川義元
36%
136話大変な一生だったカモ?方丈鳥記!鴨長明
36%
121話戦国最後の将軍にすべりこめ、__!足利義昭
36%
60話__、描きまくる!葛飾北斎
36%
40話それいけ、遣唐使!鑑真
36%
42話超絶マルチクリエイターキャット、__!平賀源内
36%
39話反逆のコレクター、__!平将門
32%
94話聞けば爽快!?__!空海
32%
151話ニャンとも素敵なルール?大宝律令!藤原不比等
32%
82話パパは忍者、__!服部半蔵
32%
99話ニャンとかせんと、遷都物語!藤原不比等
32%
140話芸を磨いて花を咲かせる、__・__!観阿弥
世阿弥
32%
71話夫婦で乗り切れ、__!前田利家
28%
21話__、青春編!新選組
28%
18話ヒーロー__、見参!大塩平八郎
28%
141話__外伝、刀は魂だ!新選組
28%
5話__、疾風伝!新選組
28%
91話変身だ!炎の武将、__!長宗我部元親
28%
86話信長包囲網、その影にコンビ愛あり!浅井長政
朝倉義景
28%
95話百猫えらんで、百猫一首!藤原定家
24%
24話忠臣蔵だよ、__!大石内蔵助
24%
139話猫も逃げれば何かにあたる、__!桂小五郎
24%
52話恐怖マムシ男、__!斎藤道三
24%
70話大ヒット御礼、猫氏物語!光源氏
24%
58話船だいきらい、__!阿倍仲麻呂
24%
51話鬼の__、北へ向かう!土方歳三
24%
31話__と__、嫁入り大作戦!お市
浅井三姉妹
24%
27話女領主__、誕生編!井伊直虎
20%
154話強面系純情派武将、__!柴田勝家
20%
122話食べられなくても役立つ猫草、徒然猫草!兼好法師
20%
109話目指せお金持ち、__これにあり!小林一茶
20%
80話お使いは伝説へ…__!ヤマトタケル
20%
126話長崎出島は、いつでも大騒ぎ!シーボルト
20%
156話__はチャチャッと終わらない、__!淀殿
20%
55話行け行け一番、__!井伊直政
20%
115話万の言葉を集めよう、万葉集!大伴家持
16%
110話やっぱり__、回想録!新選組
16%
160話東北に政宗あり!政宗に__あり!片倉小十郎
16%
100話強いぞ!強いの!?つわもの__!加藤清正
16%
25話__、天下一なり!宮本武蔵
16%
64話破天荒シンガー、__!〜破天荒度MAX編〜高杉晋作
16%
93話五人そろって__!北条早雲
16%
92話レッツエンジョイ九州統一、__!島津義弘
16%
90話弱きを助け強きをくじく下克上、__!北条早雲
16%
41話__、大混乱編!新選組
16%
54話破天荒シンガー、__!〜破天荒度 序の口編〜高杉晋作
16%
78話とんちをきかせろ、__さん!一休宗純
16%
62話天才軍師・__、ここにあり!竹中半兵衛
16%
63話GOGO__!〜われらは__〜
浅井三姉妹
16%
102話ノンストップ好奇心、__!徳川光圀
12%
57話戦国の女はつらいよ、__!細川ガラシャ
12%
61話__は燃えている!春日局
12%
146話悪人とは呼ばないで、戦国武将・__!松永久秀
12%
143話元祖ラノベ作家!?__!井原西鶴
12%
56話戦国・愛され系男子、__!直江兼続
12%
145話戦国をぬくぬく生き抜く、__!宇喜多秀家
12%
152話ワンダフルが伝わらない!?ワンニャン忠臣蔵!吉良上野介
12%
38話幕末のゴッド姉ちゃん、__!篤姫
12%
157話嗚呼、憧れの院政生活!後白河法皇
12%
74話無敵!素敵!__!沖田総司
12%
68話なにがなんだか、応仁の乱!日野富子
12%
77話おもしろさ無限大、古事記!稗田阿礼
12%
83話ノンストップアーティスト、__!狩野永徳
12%
113話アルティメット女武者、__!巴御前
12%
116話キバ軍団にこの猫あり、__!山本勘助
12%
87話仏様を造る男たち、__!運慶
快慶
12%
158話戦国に熊出没注意!__!龍造寺隆信
8%
119話しくじった?やりきった!__!大友宗麟
8%
75話静かなるアイドル伝説、__!静御前
8%
88話ここは黄金パラダイス、__!藤原清衡
8%
155話測量王になるぞ、__!間宮林蔵
8%
59話コツコツ働く、__!二宮金次郎
8%
118話頼れる弟ナンバー1、__!豊臣秀長
8%
84話どうなる?どうする?薩長同盟!中岡慎太郎
8%
66話なんでもやる課、__!安倍晴明
8%
134話歌って書いて即解決、__!柿本人麻呂
8%
150話戦国の電撃ユニット、__!徳川四天王
8%
112話__は見た、幕末会津物語!山本八重
4%
159話彫って、旅して、微笑んで、__!円空
4%
98話戦国一の世渡り上手!?__!真田昌幸
4%
79話猫なのに、里見八犬伝!犬塚信乃
4%
107話万葉集きっての歌姫、__!額田王
4%
148話ウルトラがんばるクイーン、__!光明子
4%
106話私は幕末の宝だ、__大先生!佐久間象山
0%
第4期97話寒さと空腹は敵だ、旧石器時代!旧石器猫
0%
14話ドキドキ、縄文人!縄文人
0%
117話お江戸で暮らそう!〜就職活動編〜猫吉
0%
147話やってみよう!これがお江戸のスポーツだ!筋肉先生
0%
89話レッツゴー!参勤交代!供家老
0%
76話どら息子ねこ、__!柳生十兵衛
0%
142話秀吉軍には負けないぞ!忍城攻防戦!!甲斐姫
0%
133話戦わずして勝つ、__!塚原卜伝
0%
123話千年前から萌えを叫ぶ、更級日記!藤原孝標女
0%
131話んモ~なお医者さん、__!緒方洪庵
0%
69話みんなでつくろう、古墳時代!大王
0%
81話忍者ってなんじゃ?忍び
0%

Score Distribution

Percentile by Number Answered

Percent of People with Each Score

Your Score History

You have not taken this quiz